Raças em The Legend of Zelda - Statistics

Estatísticas Gerais
  • Esse quiz foi jogado 15 vezes
  • A pontuação média é 7 de 11
Estatísticas das Respostas
Hint Resposta % Correto
Orelhas pontudas. Link e Zelda pertencem a essa raça Hylian
100%
Raça de ladrões. A cada cem anos nasce um homem Gerudo
80%
Habitantes das águas. Pele azul Zora
80%
Alimentam-se de rochas. Moram em montanhas Goron
70%
Espíritos da floresta. Parecem troncos com folhas Korok
70%
Podem ser carregadas em garrafas. Restauram a vida Fada
60%
Povo pássaro Rito
60%
Criadoras Deusas
50%
Eternas crianças da floresta Kokiri
50%
Guardiões da Família Real de Hyrule. Impa Sheikah
30%
Habitantes do Twilight Realm. Zant e Midna Twili
20%
Nenhum quiz correspondente encontrado
Distribuição das Pontuações
Porcentagem de Pessoas com Cada Pontuação
Percentil de Números Respondidos
Sua Pontuação Histórica
Você não jogou esse quiz